Statystyki dla Skład Chelsea z finału Ligi Mistrzów w 2012 roku

Kliknij tutaj aby rozwiązać quiz!

Ogólne statystyki

  • Ten quiz został rozwiązany 76 razy
  • Średni wynik to 12 z 19

Statystyki odpowiedzi

PozycjaZawodnikNarodowośćNumer% Poprawnych
CFDidier DrogbaWKS11
100%
GKPetr ČechCzechy1
99%
LBAshley ColeAnglia3
93%
CMFrank LampardAnglia8
93%
MFMichael EssienGhana5
86%
CBDavid LuizBrazylia4
85%
AMJuan MataHiszpania10
82%
FWFernando TorresHiszpania9
76%
DMMikel John ObiNigeria12
74%
TrenerRoberto Di MatteoWłochy-
72%
CBGary CahillAnglia24
55%
RWSalomon KalouWKS21
53%
RBJosé BosingwaPortugalia17
49%
MFFlorent MaloudaFrancja15
45%
LWRyan BertrandAnglia34
39%
FWDaniel SturridgeAnglia23
36%
DFPaulo FerreiraPortugalia19
24%
MFOriol RomeuHiszpania6
23%
GKRoss TurnbullAnglia22
18%

Rozkład punktacji

Percentyl według liczby udzielonych odpowiedzi

Procent ludzi z każdym wynikiem

Twoja historia wyników

Nie rozwiązałeś tego quizu